000 00563nam a2200181Ia 4500
008 090124s9999 xx 000 0 und d
082 _b8031
100 _aक्षीरसागर राम
245 _a बॉन व्हॉयेज्
250 _a0
260 _bमंगल प्रकाशन
_c1997
300 _a138
600 _aक्षीरसागर राम
630 _a बॉन व्हॉयेज्
700 _aक्षीरसागर राम
730 _a बॉन व्हॉयेज्
942 _cBOOK
999 _c85475
_d85475